书目信息 |
| 题名: |
in hand香港
|
|
| 作者: | 吴家辉 图文 | |
| 分册: | ||
| 出版信息: | 北京 中国旅游出版社 2008.01 |
|
| 页数: | 175页 | |
| 开本: | 21cm | |
| 丛书名: | ||
| 单 册: | ||
| 中图分类: | K928.965.8 | |
| 科图分类: | ||
| 主题词: | 旅游--lu you--香港--指南 | |
| 电子资源: | ||
| ISBN: | 978-7-5032-3359-3 | |
| 000 | 00880nam0 2200241 450 | |
| 001 | 012008612233 | |
| 005 | 20080509151140.57 | |
| 010 | @a978-7-5032-3359-3@dCNY26.00 | |
| 100 | @a20080320d2008 em y0chiy0120 ea | |
| 101 | 0 | @achi |
| 102 | @aCN@b110000 | |
| 105 | @aab z 000yy | |
| 106 | @ar | |
| 200 | 1 | @ain hand香港@Ain hand xiang gang@e4天3夜畅游香港玩乐手册@f吴家辉图文@Fwu jia hui tu wen |
| 210 | @a北京@c中国旅游出版社@d2008.01 | |
| 215 | @a175页@c图, 地图@d21cm | |
| 330 | @a本书主要内容分为三个部分,分别为:享受主义、4 days 3夜香港游乐攻略、以及旅游资讯三个部分,包括香港真有味、香港购物乐等。 | |
| 517 | 1 | @a4天3夜畅游香港玩乐手册@A4 tian 3 ye chang you xiang gang wan yue shou ce |
| 606 | 0 | @a旅游@Alu you@y香港@j指南 |
| 690 | @aK928.965.8@v4 | |
| 701 | 0 | @a吴家辉@Awu jia hui@4图文 |
| 801 | 0 | @aCN@bQSSK@c20080509 |
| 905 | @b707279-81@dK928.965.8@eW802@f3 | |
| in hand香港:4天3夜畅游香港玩乐手册/吴家辉图文.-北京:中国旅游出版社,2008.01 |
| 175页:图, 地图;21cm |
| ISBN 978-7-5032-3359-3:CNY26.00 |
| 本书主要内容分为三个部分,分别为:享受主义、4 days 3夜香港游乐攻略、以及旅游资讯三个部分,包括香港真有味、香港购物乐等。 |
| ● |
| 相关链接 |
|
|
|
正题名:in hand香港
索取号:K928.965.8/W802
 
预约/预借
| 序号 | 登录号 | 条形码 | 馆藏地/架位号 | 状态 | 备注 |
| 1 | 707279 | 207072790 | 社科库309/309社科库 24排1列2层/ [索取号:K928.965.8/W802] | 在馆 | |
| 2 | 707280 | 207072807 | 社科库309/309社科库 24排1列2层/ [索取号:K928.965.8/W802] | 在馆 | |
| 3 | 707281 | 207072816 | 社科库309/309社科库 24排1列2层/ [索取号:K928.965.8/W802] | 在馆 |